Sports Quiz

Random Sports or Basketball Quiz

Sacramento Kings - 100+ single-season 3-pointers Quiz Stats

Quiz not verified by Sporcle

Challenge
Share
Tweet
Embed
Score 0/32 Timer 08:00
0 Plays Today
3PM Player % Correct
100Peja Stojakovic
98%
144Peja Stojakovic
98%
129Peja Stojakovic
98%
155Peja Stojakovic
98%
240Peja Stojakovic
98%
174Peja Stojakovic
98%
148Mike Bibby
93.1%
131Mike Bibby
93.1%
192Mike Bibby
93.1%
173Mike Bibby
93.1%
103Mitch Richmond
88.1%
127Mitch Richmond
88.1%
156Mitch Richmond
88.1%
225Mitch Richmond
88.1%
204Mitch Richmond
88.1%
130Mitch Richmond
88.1%
3PM Player % Correct
127Kevin Martin
71.3%
107Kevin Martin
71.3%
115Kevin Martin
71.3%
103Walt Williams
70.3%
100Jason Williams
70.3%
145Jason Williams
70.3%
140Ben McLemore
57.4%
115Isaiah Thomas
56.4%
127Isaiah Thomas
56.4%
112Omri Casspi
50.5%
107Marcus Thornton
39.6%
141Marcus Thornton
39.6%
113Francisco Garcia
28.7%
132Nick Anderson
25.7%
108Danny Ainge
14.9%
119Harold Pressley
5.9%

You're not logged in!

Compare scores with friends on all Sporcle quizzes.
Sign Up with Email
OR
Log In

You Might Also Like...

Show Comments

Extras

Top Quizzes Today


Score Distribution

Your Account Isn't Verified!

In order to create a playlist on Sporcle, you need to verify the email address you used during registration. Go to your Sporcle Settings to finish the process.

Report this User

Report this user for behavior that violates our Community Guidelines.

Details: